000 00405nam a2200169Ia 4500
008 230524s9999 xx 000 0 und d
020 _a8121913373
082 _bKHU
100 _aR.S.Khurmi
245 2 _aA Text Book of Thermal Engineering
250 _a1ST
260 _aNEW DELHI
_bS.K.Kataria
_c2005
300 _aIV;887
500 _aQuantity Number: 5
650 _aThermodynamics
942 _cBK
999 _c1447
_d1447